كتاب الأعمال الكاملة / (Record no. 12353)
[ view plain ]
| 000 -الفاتح | |
|---|---|
| حقل البيانات ثابتة الطول | 01806cam a22003735i 4500 |
| 003 - محدد رقم الضبط | |
| رقم الضبط | EG-ScBUE |
| 005 - وقت وتاريخ اخر تعامل مع التسجيلة | |
| رقم الضبط | 20210209123010.0 |
| 008 - عناصر البيانات ثابتة الطول - معلومات عامة | |
| حقل البيانات ثابتة الطول | 090714m20062004ua g 000 p ara d |
| 017 ## - رقم الإيداع القانونى | |
| رقم الإيداع القانونى | 2004 / 20924 (الجزء الأول) |
| 017 ## - رقم الإيداع القانونى | |
| رقم الإيداع القانونى | 2006 / 8849 (الجزء الرابع) |
| 017 ## - رقم الإيداع القانونى | |
| رقم الإيداع القانونى | 2006 / 15524 (الجزء الخامس) |
| 017 ## - رقم الإيداع القانونى | |
| رقم الإيداع القانونى | 2006 / 21266 (الجزء السادس) |
| 020 ## - الرقم الدولى المعيارى للكتب | |
| الرقم الدولى المعيارى للكتاب | 9773058921 (الجزء الرابع) |
| 020 ## - الرقم الدولى المعيارى للكتب | |
| الرقم الدولى المعيارى للكتاب | 9773059723 (الجزء الخامس) |
| 020 ## - الرقم الدولى المعيارى للكتب | |
| الرقم الدولى المعيارى للكتاب | 9774370783 (الجزء السادس) |
| 040 ## - مصدر الفهرسة | |
| وكالة الفهرسة الأصلية | EG-ScBUE |
| لغة الفهرسة | ara |
| قواعد الوصف | rda |
| وكالة النسخ | EG-ScBUE |
| وكالة التعديل | EG-ScBUE |
| 082 04 - رقم تصنيف ديوى العشرى | |
| رقم التصنيف | 892.716 |
| رقم المادة | ح د ا |
| رقم الطبعة | 22 |
| 100 1# - المدخل الرئيسى - إسم شخصى | |
| الإسم الشخصى | حداد، فؤاد، |
| التواريخ المصاحبة للاسم | 1927-1985، |
| الدور | مؤلف. |
| 245 10 - بيان العنوان | |
| العنوان | كتاب الأعمال الكاملة / |
| بقية العنوان | تأليف فؤاد حداد ؛ جمع ومراجعة أمين فؤاد حداد، حسن فؤاد حداد، سليم حداد. |
| 264 #1 - النشر، التوزيع | |
| مكان الناشر او الموزع | القاهرة : |
| اسم الناشر او الموزع | الهيئة العامة لقصور الثقافة، |
| تاريخ النشر أو التوزيع | 2004-2006. |
| 300 ## - الوصف المادى | |
| التعداد | مجلد (1، 4، 5، 6) ؛ |
| أبعاد الوعاء | 20 سم. |
| 336 ## - نوع المحتوى | |
| Carrier Type Term | نص |
| Content Type Code | txt |
| source | rdacontent |
| 337 ## - نوع الوسيط | |
| Media Type Term | بدون وسيط |
| Media Type Code | n |
| source | rdamedia |
| 338 ## - نوع الحامل أو الناقل | |
| Carrier Type Term | مجلد |
| Carrier Type Code | nc |
| source | rdacarrier |
| 490 0# - بيان السلسلة | |
| عنوان السلسلة | الأعمال الكاملة |
| 505 2# - تبصرة محتويات-الفهرس | |
| تبصرة المحتويات المصاغة | المجلد الأول. مصر -- المجلد الرابع. علشان باحب النبي -- المجلد الخامس. المزاج والقهر -- المجلد السادس. ليالي وصباحيات. |
| 650 #7 - المدخل الاضافى بالموضوع-مصطلح موضوعى | |
| مصطلح موضوعي أو اسم جغرافي كعنصر مدخل | الشعر العربي |
| التقسيم الفرعي العام | دواوين وقصائد |
| التقسيم الفرعي الزمني | قرن 20. |
| مصدر الرأس أو المصطلح | BUEsh |
| 651 ## - المدخل الاضافى بالموضوع - اسم جغرافى | |
| مصدر الرأس أو المصطلح | BUEsh |
| 653 ## - مصطلح تكشيفى غير مقيد | |
| Resource For college | Arabic Literature |
| -- | Generalities |
| Arrived date list | February2021 |
| 700 1# - المدخل الاضافى - اسم شخصى | |
| الإسم الشخصى | حداد، أمين فؤاد، |
| الدور | مراجع، |
| -- | مجمع. |
| 700 1# - المدخل الاضافى - اسم شخصى | |
| الإسم الشخصى | حداد، حسن فؤاد، |
| الدور | مراجع، |
| -- | مجمع. |
| 700 1# - المدخل الاضافى - اسم شخصى | |
| الإسم الشخصى | حداد، سليم، |
| الدور | مراجع، |
| -- | مجمع. |
| 942 ## - عناصر المدخل الإضافي( كوها) | |
| مصدر التصنيف او مخطط الترفيف | Dewey Decimal Classification |
| Koha [default] item type | Book - Borrowing |
| حالة التراجع | حالة الفقد | مصدر التصنيف او خطة الترفيف | حالة تلف | ليس للاعارة | مجموعات كوها | المكان الدائم | المكان الحالي | موقع الترفيف | تاريخ الاكتساب | Source of acquisition | رقم الاستدعاء | الباركود | Date last seen | نوع الوعاء | تبصرة عامة | مُعار |
|---|---|---|---|---|---|---|---|---|---|---|---|---|---|---|---|---|
| Dewey Decimal Classification | Central Library | Central Library | Second Floor | 19/04/2010 | 892.716 ح د ا | 000017623 | 15/07/2025 | Book - Borrowing | ج4 | |||||||
| Dewey Decimal Classification | Central Library | Central Library | Second Floor | 19/04/2010 | 892.716 ح د ا | 000017624 | 15/07/2025 | Book - Borrowing | ج4 | |||||||
| Dewey Decimal Classification | Central Library | Central Library | Second Floor | 19/04/2010 | 892.716 ح د ا | 000017622 | 15/07/2025 | Book - Borrowing | ج 5 | |||||||
| Dewey Decimal Classification | Central Library | Central Library | Second Floor | 19/04/2010 | 892.716 ح د ا | 000017621 | 15/07/2025 | Book - Borrowing | ج5 | |||||||
| Dewey Decimal Classification | Central Library | Central Library | Second Floor | 19/04/2010 | 892.716 ح د ا | 000017499 | 15/07/2025 | Book - Borrowing | ج6 | |||||||
| Dewey Decimal Classification | Central Library | Central Library | Second Floor | 19/04/2010 | 892.716 ح د ا | 000017500 | 15/07/2025 | Book - Borrowing | ج6 | |||||||
| Dewey Decimal Classification | Central Library | Central Library | Second Floor | 19/04/2010 | 892.716 ح د ا | 000017501 | 15/07/2025 | Book - Borrowing | ج1 | |||||||
| Dewey Decimal Classification | Central Library | Central Library | Second Floor | 19/04/2010 | 892.716 ح د ا | 000017620 | 15/07/2025 | Book - Borrowing | ج1 | |||||||
| Dewey Decimal Classification | Alef-Baa | Central Library | Central Library | Second Floor | 14/09/2011 | Purchase | 892.716 ح د ا | 000024732 | 15/07/2025 | Book - Borrowing | ج 4 | |||||
| Dewey Decimal Classification | Alef-Baa | Central Library | Central Library | Second Floor | 14/09/2011 | Purchase | 892.716 ح د ا | 000024733 | 15/07/2025 | Book - Borrowing | ج 3 | |||||
| Dewey Decimal Classification | Alef-Baa | Central Library | Central Library | Second Floor | 14/09/2011 | Purchase | 892.716 ح د ا | 000024734 | 15/07/2025 | Book - Borrowing | ج 5 | |||||
| Dewey Decimal Classification | Alef-Baa | Central Library | Central Library | Second Floor | 14/09/2011 | Purchase | 892.716 ح د ا | 000024736 | 15/07/2025 | Book - Borrowing | ج2 | |||||
| Dewey Decimal Classification | Alef-Baa | Central Library | Central Library | Second Floor | 14/09/2011 | Purchase | 892.716 ح د ا | 000024743 | 15/07/2025 | Book - Borrowing | ج 1 | 10/10/2012 | ||||
| Dewey Decimal Classification | Alef-Baa | Central Library | Central Library | Second Floor | 22/09/2011 | Purchase | 892.716 ح د ا | 000024846 | 15/07/2025 | Book - Borrowing | ج6 | |||||
| Dewey Decimal Classification | Alef-Baa | Central Library | Central Library | Second Floor | 22/09/2011 | Purchase | 892.716 ح د ا | 000024847 | 15/07/2025 | Book - Borrowing | ج7 |